100 histórias infantis (Record no. 195021)

MARC details
000 -LÍDER
campo de controle de tamanho fixo 00258 a2200121 4500
001 - NÚMERO DE CONTROLE
campo de controle 195021
040 ## - FONTE DA CATALOGAÇÃO
Instituição que transcreveu o registro Magnum
240 10 - TÍTULO UNIFORME
Título uniforme 100 histórias infantis
Idioma da obra por
245 10 - TÍTULO
Título 100 histórias infantis
300 ## - DESCRIÇÃO FÍSICA
Extensão 303
697 ## - ENTRADA DE ASSUNTO LOCAL--ENTIDADE COLETIVA (RLIN)
Nome corporativo ou nome da jurisdição LITERATURA INFANTO
942 ## - ELEMENTOS DE ENTRADA ADICIONADOS (KOHA)
Tipo de material Koha Livros
Holdings
Situação do descarte Situação das perdas Situação física Não pode ser emprestado Biblioteca de origem Biblioteca atual Data de aquisição Total de empréstimos Número de chamada completo Código de barras Data de último acesso Data do preço efetivo Tipo de material Koha
        Magnum Magnum 08/06/2024   869.1.1697 MAG00075723 08/06/2024 08/06/2024 Livros